BEGINNER'S GARDENING FLOWER'S ARROUND THE WORLD WITH SALT RESISTANT PLANTS (Record no. 579677)

000 -LEADER
fixed length control field 00275nam a22000977a 4500
082 ## - DEWEY DECIMAL CLASSIFICATION NUMBER
Classification number 635 BEG'I
245 ## - TITLE STATEMENT
Title BEGINNER'S GARDENING FLOWER'S ARROUND THE WORLD WITH SALT RESISTANT PLANTS
260 ## - PUBLICATION, DISTRIBUTION, ETC.
Place of publication, distribution, etc. PAKISTAN
Name of publisher, distributor, etc. AGRICULTURE DEVELOPEMENT
Date of publication, distribution, etc. 1986
300 ## - PHYSICAL DESCRIPTION
Extent VOL-3
Other physical details 9
942 ## - ADDED ENTRY ELEMENTS (KOHA)
Koha item type Book
Holdings
Withdrawn status Lost status Damaged status Not for loan Permanent Location Current Location Shelving location Date acquired Total Checkouts Full call number Barcode Date last seen Price effective from Koha item type
        College of Electrical & Mechanical Engineering (CEME) College of Electrical & Mechanical Engineering (CEME) General Stacks 02/20/2017   635 BEG'I CEME-19412 06/28/2021 06/28/2021 Book
        College of Electrical & Mechanical Engineering (CEME) College of Electrical & Mechanical Engineering (CEME) General Stacks 02/20/2017   635 BEG'I CEME-19410 06/28/2021 06/28/2021 Book
© 2023 Central Library, National University of Sciences and Technology. All Rights Reserved.